000 00246nam a2200109Ia 4500
008 220204s9999 xx 000 0 und d
082 _a82-3
_bHIT
100 _aAlfred
245 0 _aGrave business
260 _aHerts
_bMayflower
_c1977
942 _cBK
999 _c32896
_d32896